Las trampas del poder punitivo : el género del derecho penal /
Los trabajos que componen este libro abordan la relación de las mujeres con el sistema penal (en Argentina), en concreto, la situación de las víctimas de agresión sexual frente a las respuestas que ofrece el sistema punitivo, vista desde la mirada feminista y del derecho penal.
I tiakina i:
| Kaituhi matua: | |
|---|---|
| Hōputu: | Pukapuka |
| Reo: | Pāniora |
| I whakaputaina: |
Buenos Aires, Argentina :
Centro de Apoyo al Desarrollo Local,
2000, c2000
|
| Ngā marau: | |
| Ngā Tūtohu: |
Kāore He Tūtohu, Me noho koe te mea tuatahi ki te tūtohu i tēnei pūkete!
|
MARC
| LEADER | 00000nam^a2200000^a^4500 | ||
|---|---|---|---|
| 001 | 000136550 | ||
| 005 | 20250521000000.0 | ||
| 009 | 20260310095322.827 | ||
| 020 | |a 950-786-259-5 | ||
| 037 | |a Acervo ITESO - Biblioteca | ||
| 041 | |a ESP | ||
| 082 | |a 364. 374 |b BIR | ||
| 100 | |a Birgin, Haydée |e (comp.) | ||
| 245 | 1 | 4 | |a Las trampas del poder punitivo : |b el género del derecho penal / |c Comp. de H. Birgin. |
| 264 | 4 | |a Buenos Aires, Argentina : |b Centro de Apoyo al Desarrollo Local, |c 2000, c2000 | |
| 300 | |a 316 p. | ||
| 336 | |a texto |b txt |2 rdacontenido | ||
| 337 | |a sin mediación |b n |2 rdamedio | ||
| 338 | |a volumen |b nc |2 rdasoporte | ||
| 520 | |a Los trabajos que componen este libro abordan la relación de las mujeres con el sistema penal (en Argentina), en concreto, la situación de las víctimas de agresión sexual frente a las respuestas que ofrece el sistema punitivo, vista desde la mirada feminista y del derecho penal. | ||
| 649 | |a XX | ||
| 650 | |a Mujeres - |x Condiciones Sociales y Culturales | ||
| 650 | |a Mujeres - |x Condiciones Jurídicas | ||
| 650 | |a Identidad de Género | ||
| 650 | |a Identidad Cultural | ||
| 650 | |a Discriminación de Género | ||
| 650 | |a Violación | ||
| 650 | |a Abuso Sexual | ||
| 650 | |a Prostitución | ||
| 650 | |a Delincuencia | ||
| 650 | |a Delitos contra la Persona | ||
| 650 | |a Justicia e Injusticia | ||
| 650 | |a Igualdad y Desigualdad | ||
| 650 | |a Feminismo | ||
| 650 | |a Criminología | ||
| 650 | |a Derecho Penal | ||
| 650 | |a Derecho Procesal | ||
| 650 | |a Derecho - |z Argentina | ||
| 910 | |a Fondo General | ||
| 920 | |a Impresos - Libros | ||
| 930 | |a Colección General | ||
| 905 | |a 101 | ||
| 901 | |a 0500065329 |b IT1 |c ACC |u 20250521 | ||
| 902 | |a https://opac.biblio.iteso.mx/vufind/Record/000136550 | ||